| 000 | 00633nam a2200205Ia 4500 | ||
|---|---|---|---|
| 003 | 0 | ||
| 005 | 20231106102131.0 | ||
| 008 | 140724s9999 xx 000 0 und d | ||
| 050 |
_aRJ 449.A1 _b.C744 2010 |
||
| 100 | _aYoo, Jimin | ||
| 245 | 2 |
_aRelationship satisfaction and online intimacy of adults involved in cyberdationg _cYoo, Jimin |
|
| 260 |
_aLas PiƱas, Philippines : _bSouthville International School and Colleges, _cc2010. |
||
| 300 |
_a490 p. : _c28 cm. |
||
| 500 | _aSatisfaction. | ||
| 521 | _aPsychology | ||
| 650 | _aParental Authoritarianism | ||
| 650 | _aSelf-silencing | ||
| 942 |
_cTH _2lcc |
||
| 999 |
_c228787 _d228787 |
||